| Tag |
First Indicator |
Second Indicator |
Subfields |
| LEADER |
00000cam a2200000Ii 4500 |
| 001 |
in00004202201 |
| 008 |
200509t20202020gw a 000 0 eng d |
| 005 |
20250318222622.4 |
| 020 |
|
|
|a 9783775745710
|
| 020 |
|
|
|a 3775745718
|
| 024 |
3 |
|
|a 9783775745710
|
| 035 |
|
|
|a (OCoLC)on1153990276
|
| 035 |
|
|
|a (OCoLC)1153990276
|
| 040 |
|
|
|a OHX
|b eng
|e rda
|c OHX
|d JPG
|d OCLCF
|d YDXIT
|
| 043 |
|
|
|a e-no---
|
| 050 |
|
4 |
|a NB761
|b .K57 2020
|
| 050 |
|
4 |
|a NB27.N8
|b J385 2020
|
| 072 |
|
7 |
|a NB
|2 lcco
|
| 072 |
|
7 |
|a N
|2 lcco
|
| 082 |
0 |
4 |
|a 730.9481
|2 23
|
| 245 |
0 |
0 |
|a Kistefos /
|c editor: Thomas Phongsathorn.
|
| 264 |
|
1 |
|a Berlin :
|b Hatje Cantz Verlag GmbH,
|c [2020]
|
| 264 |
|
4 |
|c ©2020
|
| 300 |
|
|
|a 230 pages :
|b illustrations (chiefly color) ;
|c 32 cm
|
| 336 |
|
|
|a text
|b txt
|2 rdacontent
|
| 336 |
|
|
|a still image
|b sti
|2 rdacontent
|
| 337 |
|
|
|a unmediated
|b n
|2 rdamedia
|
| 338 |
|
|
|a volume
|b nc
|2 rdacarrier
|
| 610 |
2 |
0 |
|a Kistefos-museet.
|
| 650 |
|
0 |
|a Sculpture
|z Norway.
|
| 650 |
|
0 |
|a Sculpture parks
|z Norway.
|
| 610 |
2 |
7 |
|a Kistefos-museet.
|2 fast
|0 (OCoLC)fst00761361
|
| 650 |
|
7 |
|a Sculpture.
|2 fast
|0 (OCoLC)fst01109483
|
| 650 |
|
7 |
|a Sculpture parks.
|2 fast
|0 (OCoLC)fst01109518
|
| 651 |
|
7 |
|a Norway.
|2 fast
|0 (OCoLC)fst01204556
|
| 700 |
1 |
|
|a Phongsathorn, Tom,
|e editor.
|
| 776 |
0 |
8 |
|z 9783775745727
|i Norwegian edition
|
| 852 |
8 |
|
|b pda,print
|z This title is available for the library to purchase for your use. Click the "Purchase It For Me" button to place a request. This item may take 5-10 business days to arrive.
|
| 955 |
|
|
|a Print PDA title
|
| 961 |
|
|
|m 565730
|
| 999 |
f |
f |
|s 49a35f9b-53d7-4262-a73e-b44d3c3775a5
|i 19f353d5-a5f2-334f-a984-3f89fcc9c85e
|t 0
|
| 952 |
f |
f |
|a Texas A&M University
|b College Station
|c Sterling C. Evans Library
|d Purchase on Demand
|t 0
|e NB761 .K57 2020
|h Library of Congress classification
|
| 998 |
f |
f |
|a NB761 .K57 2020
|t 0
|l Purchase on Demand
|